| 000 | 01167nam a22002897a 4500 | ||
|---|---|---|---|
| 005 | 20180725115913.0 | ||
| 008 | 130711s2010 ck ab gr 00010 spa d | ||
| 020 | _a9789589895634 | ||
| 040 |
_aCO-BoBLA _cCO-BoBLA _dCo-BoIAvH |
||
| 041 | 0 | _aspa | |
| 044 | _ack | ||
| 082 | 0 | 4 |
_a303.483 _bO21i |
| 245 | 0 | 0 |
_aIndicadores de ciencia y tecnología : _bColombia 2010 / _cMónica Salazar ... [et al.]. |
| 260 |
_aBogotá : _bObservatorio Colombiano de Ciencia y Tecnología, _c2010. |
||
| 300 |
_a320 p. : _bilustraciones, mapas. _c24 cm. |
||
| 504 | _aIncluye bibliografía e índice. | ||
| 650 |
_aInvestigación científica _x Indicadores _z Colombia. _935674 |
||
| 650 | 4 |
_aCiencia y tecnología _x Indicadores _z Colombia. _935675 |
|
| 650 | 4 |
_aInnovaciones tecnológicas _x Indicadores _z Colombia. _935676 |
|
| 650 | 6 |
_aDesarrollo científico y tecnológico _x Indicadores _z Colombia. _935677 |
|
| 700 | 1 |
_aSalazar, Mónica. _935678 |
|
| 700 | 1 |
_aLucio, Jorge _935679 |
|
| 700 | 1 |
_aRivera, Sandra Carolina _935680 |
|
| 700 | 1 |
_aLucio-Arias, Diana _ecomité editorial _935682 |
|
| 700 | 1 |
_935681 _aDaza-Caicedo, Sandra _ecomité editorial |
|
| 942 |
_2ddc _cLIBRO |
||
| 999 |
_c17577 _d17577 |
||